| 000 | 01887nam a22002417a 4500 | ||
|---|---|---|---|
| 999 |
_c58318 _d58318 |
||
| 003 | Ge_BSU | ||
| 005 | 20211103135933.0 | ||
| 008 | 211103s2019 ge ||||| |||| 00| 0 geo d | ||
| 020 | _a9789941810008 | ||
| 041 | _ageo | ||
| 080 | _a2-1+ 1(430)(092 ჰეგელი) ჰ-39 | ||
| 245 |
_aჰეგელის რელიგიის ფილოსოფია = Hegel's Philosophy of Religion : _b[კრებული] / _cშემდგენელი და სამეცნიერო რედაქტორი თენგიზ ირემაძე ; დაკაბადონება და ყდის დიზაინი გიორგი ბაგრატიონი ; ახალი საქართველოს უნივერსიტეტი, კავკასიური ფილოსოფიისა და თეოლოგიის სამეცნიერო-კვლევითი არქივი. |
||
| 250 | _aI გამოცემა. | ||
| 264 |
_aთბილისი, _c2019. |
||
| 300 |
_a276 გვ. ; _b19 სმ. |
||
| 520 | _aრეზიუმე ინგლისურ ენაზე. | ||
| 653 | _aჰეგელი, გეორგ ვილჰელმ ფრიდრიხ | ||
| 653 | _aრელიგიის ფილოსოფია | ||
| 700 |
_aზაქარაძე, ლალი _eავტორი _912801 |
||
| 700 |
_aირემაძე, თენგიზ _eშემდგენელი, სამეცნიერო რედაქტორი. _92229 |
||
| 710 |
_aახალი საქართველოს უნივერსიტეტი. _bკავკასიური ფილოსოფიისა და თეოლოგიის სამეცნიერო-კვლევითი არქივი. _912802 |
||
| 942 |
_2udc _cBK |
||